000 01560cam a2200133 4500500
005 20251214001914.0
041 _afre
042 _adc
100 1 0 _aBoniface, Pascal
_eauthor
245 0 0 _aL'Année stratégique 2022 : Analyse des enjeux internationaux
260 _bArmand Colin,
_c2021.
520 _aDes décisions économiques aux initiatives sur le dossier nucléaire iranien, l’élection de Joe Biden semble marquer nombre de ruptures. Elle consacre néanmoins des évolutions déjà à l’œuvre, tout particulièrement le duel entre les États-Unis et la Chine, cette dernière affichant pour sa part une attitude de plus en plus décomplexée dans son environnement régional comme avec les grandes puissances.Dans ce contexte de rivalité désormais structurant des relations internationales, qu’en est-il des ambitions géopolitiques de l’Union européenne ? Des tensions entre les puissances occidentales et la Russie, alors que l’on assiste également à une évolution des formes de conflits dans le monde ? Des processus démocratiques ou sécuritaires en Afrique ? Des effets sanitaires et économiques du Covid-19 en Amérique latine ? De même que la pandémie aura suscité des questionnements sur le futur de la mondialisation et la transition énergétique, elle n’a produit que peu d’effets sur la lutte contre le changement climatique, quand pourtant s’annoncent des échéances cruciales. 
856 4 1 _uhttps://shs.cairn.info/l-annee-strategique-2022--9782200632113?lang=fr&redirect-ssocas=7080
999 _c1566545
_d1566545